Cantons suisses sur une carte topologique - Statistiques

Statistiques générales
  • Ce quiz a été pris 127 fois
    108 depuis la dernière actualisation
  • Le résultat moyen est 18 sur 26
Réponses sur la Carte
Les réponses sont colorées sur une échelle allant du rouge au vert en fonction du pourcentage des utilisateurs qui les ont devinées à leur premier essai. Vous pouvez retrouver ces pourcentages ci-dessous.
 
Statistiques - réponses
Réponse % Correct
Genève
94%
Vaud
91%
Tessin
86%
Valais
86%
Bâle-Campagne
85%
Berne
82%
Grisons
82%
Jura
82%
Saint-Gall
82%
Appenzell Rhodes-Intérieures
80%
Bâle-Ville
80%
Fribourg
80%
Neuchâtel
78%
Appenzell Rhodes-Extérieures
77%
Schaffhouse
69%
Soleure
68%
Zurich
65%
Thurgovie
60%
Argovie
57%
Glaris
57%
Lucerne
57%
Nidwald
51%
Schwyz
51%
Uri
51%
Zoug
45%
Obwald
38%
Aucun quiz correspondant
Distribution des résultats
% des personnes avec chaque résultat
Percentile par nombre de réponses
Votre historique - résultats
Vous n’avez pas pris ce quiz depuis la dernière actualisation